Social research methods /
Salvato in:
| Autore principale: | |
|---|---|
| Natura: | Libro |
| Pubblicazione: |
Englewood Cliffs, N.J. :
Prentice-Hall,
c1984.
|
| Soggetti: | |
| Tags: |
Aggiungi Tag
Nessun Tag, puoi essere il primo ad aggiungerne!!
|
MARC
| LEADER | 00000cam a2200000 a 4500 | ||
|---|---|---|---|
| 005 | 20251001100314.0 | ||
| 020 | |a 9789332536449 |c TZS70,000/= | ||
| 040 | |a MCCL |b eng. |e AACR 2nd rev.ed. | ||
| 082 | 0 | 0 | |a 300.072 NEU |
| 100 | 1 | |a NEUMAM,W.L | |
| 245 | 1 | 0 | |a Social research methods / |c W. Lawrence Neuman |
| 260 | |a Englewood Cliffs, N.J. : |b Prentice-Hall, |c c1984. | ||
| 300 | |a xvi, 430 p. : |b ill. ; |c 25 cm. | ||
| 504 | |a Includes bibliography: p. 401-411 and index. | ||
| 546 | |a eng. | ||
| 650 | 0 | |a Social sciences | |
| 650 | 0 | |a Sociology | |
| 942 | |c BK | ||
| 999 | |c 11477 |d 11477 | ||